000 00440nam a2200181Ia 4500
003 GCL
008 140319s9999 xx 000 0 eng d
040 _aGCL /
_cGCL
082 0 4 _a843
_bB T
100 1 _aBARJOVEL, RENE
245 1 0 _aLA TEMPETE /
_cBARJOVEL, RENE
260 _a[S.N] :
_bDENOEL ،
_c1982
300 _a276 P
490 _aCOLLECTION FOLIO
_v0
650 0 4 _aLITERATURE
650 0 4 _aFRENCH LITERATURE
942 _2ddc
_cBK
999 _c22646
_d22646